EPL Big Six 24/25 Starting Lineups - Statistics

General Stats
  • This quiz has been taken 102 times
  • The average score is 40 of 66
Answer Stats
Hint Answer % Correct
GK Raya
98%
RW Saka
96%
GK Ederson
94%
ST Haaland
88%
GK Onana
88%
CB Saliba
87%
CB Gabriel
85%
GK Alisson
84%
CM Rice
82%
RW Salah
82%
CM Ødegaard
80%
CB Van Dijk
80%
CB Dias
79%
ST Jesus
76%
CAM Palmer
76%
LB Robertson
76%
LW Díaz
74%
CAM Havertz
74%
CM De Bruyne
72%
GK Sánchez
72%
CAM Fernandes
70%
CB Konaté
70%
CB Maguire
68%
RB Timber
68%
ST Jota
67%
CM Mac Allister
67%
RB Alexander-Arnold
66%
LW Trossard
66%
CDM Caicedo
65%
LB Cucurella
65%
LB Gvardiol
65%
ST Jackson
63%
GK Vicario
63%
CDM Gravenberch
62%
LW Son
62%
LW Garnacho
61%
LB Calafiori
60%
RB James
60%
ST Højlund
59%
CDM Fernández
57%
LB Dalot
56%
CM Silva
56%
ST Solanke
55%
CM Szoboszlai
52%
CB De Ligt
51%
LW Marmoush
51%
CM Gündoğan
50%
CM Maddison
50%
RW Savinho
50%
LB Udogie
48%
RB Porro
45%
LM Sancho
45%
RW Johnson
44%
CM Mainoo
44%
RM Madueke
43%
RB Nunes
43%
CB Colwill
39%
CB Fofana
39%
CAM Kulusevski
39%
CB Khusanov
38%
RB Mazraoui
34%
CM Ugarte
34%
RW Zirkzee
27%
CM Bentancur
26%
CB Drăgusin
20%
CB Danso
18%
No matching quizzes found
Score Distribution
Percent of People with Each Score
Percentile by Number Answered
Your Score History
You have not taken this quiz